|
|
|
|
| LEADER |
01467aam a22003738a 4500 |
| 001 |
000023357 |
| 003 |
19808 |
| 005 |
20220913154030.0 |
| 008 |
151030s2011 viesd |
| 041 |
0 |
|
|a vie
|
| 082 |
1 |
4 |
|2 14
|a 373.126
|b NG-T
|
| 100 |
1 |
|
|a Nguyễn Bảo Hoàng Thanh
|
| 245 |
1 |
0 |
|a Giáo trình kiểm tra - đánh giá trong giáo dục /
|c Nguyễn Bảo Hoàng Thanh.
|
| 260 |
|
|
|a H. :
|b Đà Nẵng,
|c 2011.
|
| 300 |
|
|
|a 158 tr. ;
|c 24 cm.
|
| 504 |
|
|
|a Thư mục: tr 157-158
|
| 650 |
1 |
4 |
|2 Bộ TK TVQG
|a Giáo dục
|v Giáo trình
|x Kiểm tra đánh giá
|
| 650 |
|
7 |
|2 Bộ TK TVQG
|
| 650 |
|
7 |
|2 Bộ TK TVQG
|
| 651 |
|
7 |
|2 Bộ TK TVQG
|a Việt Nam
|
| 653 |
|
|
|a Giáo dục
|
| 653 |
|
|
|a Kiểm tra đánh giá
|
| OWN |
|
|
|a LSP
|
| AVA |
|
|
|a UDN50
|b LSP
|d 373.126 NG-T
|e available
|t Error 5001 Not defined in file expand_doc_bib_avail.
|f 4
|g 0
|h N
|i 0
|k 1
|
| AVA |
|
|
|a UDN50
|b LSP
|c References
|d 373.126 NG-T
|e available
|t Error 5001 Not defined in file expand_doc_bib_avail.
|f 1
|g 0
|h N
|i 0
|j TK
|k 1
|
| 999 |
|
|
|a From the UDN01
|
| AVA |
|
|
|a UDN50
|b LSP
|d 373.126 NG-T
|e available
|t Error 5001 Not defined in file expand_doc_bib_avail.
|f 4
|g 0
|h N
|i 0
|k 1
|
| AVA |
|
|
|a UDN50
|b LSP
|c References
|d 373.126 NG-T
|e available
|t Error 5001 Not defined in file expand_doc_bib_avail.
|f 1
|g 0
|h N
|i 0
|j TK
|k 1
|
| TYP |
|
|
|a Monograph
|
| TYP |
|
|
|a Printed language
|
| 980 |
|
|
|a Mạng thư viện Đại học Đà Nẵng
|